Ordinary differential equations /
Guardado en:
| Autor Principal: | |
|---|---|
| Formato: | Libro |
| Idioma: | English |
| Publicado: |
New York :
North-Holland,
c1978.
|
| Etiquetas: |
Agregar Etiqueta
Sin Etiquetas, Sea el primero en etiquetar este registro!
|
| LEADER | 00503nam a22001695a 4500 | ||
|---|---|---|---|
| 001 | MAT.inmabb002483 | ||
| 008 | 041020s1978####nyu######b####001#0#eng#d | ||
| 005 | 20110316112422.0 | ||
| 245 | 1 | 0 | |a Ordinary differential equations / |c Tyn Myint-U. |
| 260 | |a New York : |b North-Holland, |c c1978. | ||
| 300 | |a xii, 295 p. ; |c 24 cm. | ||
| 504 | |a Bibliografía: p. 279-280. | ||
| 510 | 4 | |a MR, |c 57 #12946 | |
| 100 | 0 | |a Tyn Myint U. | |
| 084 | |a 34-01 |2 msc2000 | ||
| 010 | |a 77008639 | ||
| 859 | |h 34 |i T987 |p A-5001 |b BIB. MATEMATICA | ||
